000 00514 a2200169 4500
010 _aENG-143997
020 _c240.00
_a9788122204605
035 _aEN-127529
037 _bDBAD
082 _aN
100 _aBhattacharya, Bhabani
_979410
245 _aGoddess Named Gold/
_cby Bhabani Bhattacharya
260 _aNew Delhi
_bOrient Paperbacks
_c2010
270 _a(A division of Vision Books Pvt. Ltd.) 5A/ 8 Ansari Road,
_bNew Delhi
_e110002
300 _a318p.
_c20cm (Pb.)
942 _adpl
_cEN
_2ddc
_hN
_mBHA
999 _c210173
_d210173